000 00662nam a22001697a 4500
005 20090116102359.0
008 090113c xxu||||| |||| 00| 0 eng d
082 _a340
245 _aAIR Karnataka High court reports
260 _aNagpur
_bAll India Reporter
_c2008-
300 _av.
_c24 cm.
310 _amonthly
650 _aLaw
_zIndia
270 _aP.O. Box No. 209, Congress Nagar
_bNagpur
_dIndia
_e440012
_k0712-2434321, 2425123
_l0712-2426283
_msalessupport@allindiareporter.in
_zwww.allindiarereporter.in
942 _2ddc
_cSR
_h340
_mALL
_s1
999 _c21079
_d21079